header

Dissatisfied customers (Record no. 156506)

MARC details
000 -LEADER
fixed length control field 01300nam a2200337 a 4500
082 04 - DEWEY DECIMAL CLASSIFICATION NUMBER
Classification number 658.8/12
100 1# - MAIN ENTRY--AUTHOR NAME
Personal name Qiang, Niu.
245 10 - TITLE STATEMENT
Title Dissatisfied customers
260 ## - PUBLICATION, DISTRIBUTION, ETC. (IMPRINT)
Place of publication New York :
Name of publisher Nova Science Publishers,
Year of publication c2009.
300 ## - PHYSICAL DESCRIPTION
Number of Pages vi, 119 p.
650 #0 - SUBJECT ADDED ENTRY--TOPICAL TERM
Topical Term Business education
Topical Term Business students
700 1# - ADDED ENTRY--PERSONAL NAME
Personal name Wolff, Martin.
856 40 - ELECTRONIC LOCATION AND ACCESS
Uniform Resource Identifier http://site.ebrary.com/lib/rucke/Doc?id=10680880

No items available.

© 2026 Rongo University
Contact us: librarian | system librarian | Rongo university